000 00685nam a2200277Ia 4500
005 20260324140146.0
008 008 260324s9999 xx 000 0 eng d
020 _a9780429348440
037 _aEBOOK
040 _aCRL
040 _beng
040 _cCRL
041 _2eng
041 _aeng
084 _qCRL
100 _aJames Walvin; Peter J Kitson; Debbie Lee; Anne K Mellor
_91203353
245 0 _aSlavery, Abolition and Emancipation Vol 3
260 _bTaylor and Francis
260 _c1999
365 _a
365 _b180
856 _uhttp://www.taylorfrancis.com/books/9780429348440
942 _cEBOOK
999 _c1805113
_d1805113